Loading...
| Literature - American Literature | 3 | 4 | 0 | 1 | 85 | 56 | 86.00 | 1 | 7 |
| Fine Arts - Auditory Fine Arts | 0 | 8 | 0 | 1 | 80 | 88 | 109.13 | 4 | 8 |
| Literature - British Literature | 0 | 7 | 0 | 1 | 70 | 80 | 104.14 | 1 | 7 |
| Fine Arts - Other Fine Arts | 0 | 7 | 0 | 1 | 70 | 92 | 116.43 | 0 | 7 |
| Literature - European Literature | 0 | 6 | 0 | 0 | 60 | 89 | 113.33 | 1 | 6 |
| Religion | 0 | 5 | 0 | 1 | 50 | 74 | 93.00 | 2 | 5 |
| Literature - World Literature | 1 | 3 | 0 | 0 | 45 | 64 | 89.25 | 2 | 4 |
| Science - Chemistry | 1 | 3 | 1 | 1 | 40 | 56 | 87.50 | 0 | 4 |
| Science - Physics | 0 | 5 | 2 | 0 | 40 | 57 | 85.00 | 2 | 5 |
| Social Science | 0 | 4 | 1 | 0 | 35 | 93 | 103.00 | 1 | 4 |
| History - American History | 1 | 2 | 0 | 0 | 35 | 21 | 85.00 | 2 | 3 |
| Philosophy | 0 | 4 | 2 | 0 | 30 | 66 | 92.50 | 1 | 4 |
| Science - Other Science | 0 | 3 | 0 | 0 | 30 | 78 | 91.67 | 2 | 3 |
| Mythology | 0 | 2 | 0 | 1 | 20 | 135 | 138.00 | 1 | 2 |
| History - Other History | 0 | 2 | 0 | 1 | 20 | 104 | 109.50 | 0 | 2 |
| Fine Arts - Visual Fine Arts | 1 | 1 | 1 | 0 | 20 | 31 | 72.50 | 1 | 2 |
| Current Events | 0 | 2 | 0 | 1 | 20 | 111 | 118.00 | 1 | 2 |
| Science - Biology | 0 | 1 | 1 | 1 | 5 | 103 | 103.00 | 0 | 1 |
| Other Academic | 0 | 0 | 1 | 0 | -5 | 0.00 | 0 | 0 | |
| Geography | 0 | 0 | 1 | 0 | -5 | 0.00 | 0 | 0 |